000 00576cam a2200145 4500500
005 20251228082904.0
041 _afre
042 _adc
100 1 0 _aBoch, Julie
_eauthor
245 0 0 _aLes philosophies de Fontenelle, revue de philosophie Corpus, Université de Paris X - Nanterre, no 44, 2003. Un vol. 14,5 × 20,5 cm de 139 p.
260 _c2005.
500 _a43
786 0 _nDix-septième siècle | 227 | 2 | 2005-06-01 | p. 355n-376n | 0012-4273
856 4 1 _uhttps://shs.cairn.info/revue-dix-septieme-siecle-2005-2-page-355n?lang=fr&redirect-ssocas=7080
999 _c1600004
_d1600004